Zdokonaľovanie odmeňovania v poľnohospodárskych podnikoch s dôrazom na brigádne formy organizácie práce a odmeňovania SPEV 904 113 303 - 03/04 : záverečná správa

Salvato in:
Dettagli Bibliografici
Autore principale: Pekár, Jozef
Natura: Libro
Lingua:slovacco
Pubblicazione: Bratislava Výskumný ústav ekonomiky poľnohospodárstva a potravinárstva 1984
Tags: Aggiungi Tag
Nessun Tag, puoi essere il primo ad aggiungerne!!

MARC

LEADER 00000nam a2200000 4500
001 c106928
005 20221128072026.6
041 0 |a slo 
044 |a SK 
245 1 0 |a Zdokonaľovanie odmeňovania v poľnohospodárskych podnikoch s dôrazom na brigádne formy organizácie práce a odmeňovania  |b SPEV 904 113 303 - 03/04 : záverečná správa  |c Jozef Pekár 
264 1 |a Bratislava  |b Výskumný ústav ekonomiky poľnohospodárstva a potravinárstva  |c 1984 
300 |a 36 s. 
100 1 |a Pekár, Jozef